Technika oddlženia zdravotníctva

Základné údaje o spoločnosti Veriteľ, a.s.. Štyri fázy projektu oddlženia zdravotníctva. Dôvody vzniku spoločnosti Veriteľ a jej postavenie v technike oddlženia. Nová metóda oddlžovania. Štruktúra externého dlhu k 31.12. 2002.

Guardado en:
Detalles Bibliográficos
Autor principal: Ješko, Vladimír
Formato: Capítulo de libro
Lenguaje:eslovaco
Materias:
Etiquetas: Agregar Etiqueta
Sin Etiquetas, Sea el primero en etiquetar este registro!

MARC

LEADER 00000naa$a2200000$$$4500
001 0002626
005 20230925123547.3
041 0 |a slo 
044 |a SK 
245 1 0 |a Technika oddlženia zdravotníctva  |c aut. Vladimír Ješko 
520 |a Základné údaje o spoločnosti Veriteľ, a.s.. Štyri fázy projektu oddlženia zdravotníctva. Dôvody vzniku spoločnosti Veriteľ a jej postavenie v technike oddlženia. Nová metóda oddlžovania. Štruktúra externého dlhu k 31.12. 2002. 
610 2 0 |a zdravotníctvo 
610 2 0 |a oddlženie 
610 2 0 |a projekty 
610 2 0 |a dlhy 
610 2 0 |a audit 
610 2 0 |a Veriteľ, a.s. 
100 1 |a Ješko, Vladimír